Synthesis of Ti21.5V40Cr38.5 alloy by abnormal glow discharge plasma; Materials Letters; Vol. 335
| Parent link: | Materials Letters Vol. 335.— 2023.— 133736, 3 p. |
|---|---|
| Diğer Yazarlar: | , , , |
| Özet: | Title screen The paper describes the structural-phase state and sorption characteristics of the Ti21.5V40Cr38.5 alloy synthesized by melting in abnormal glow discharge plasma and arc melting. X-ray diffraction patterns showed the presence of the main TiVCr phase with a body-centered cubic (bcc) lattice and Ti2O phase with a hexagonal close packed (hcp) lattice. The maximum hydrogen capacity of the samples obtained by melting in abnormal glow discharge plasma after 3 cycles was 3 wt% AM_Agreement |
| Dil: | İngilizce |
| Baskı/Yayın Bilgisi: |
2023
|
| Konular: | |
| Online Erişim: | https://doi.org/10.1016/j.matlet.2022.133736 |
| Materyal Türü: | Elektronik Kitap Bölümü |
| KOHA link: | https://koha.lib.tpu.ru/cgi-bin/koha/opac-detail.pl?biblionumber=669220 |
MARC
| LEADER | 00000naa0a2200000 4500 | ||
|---|---|---|---|
| 001 | 669220 | ||
| 005 | 20260213121218.0 | ||
| 035 | |a (RuTPU)RU\TPU\network\40460 | ||
| 035 | |a RU\TPU\network\39727 | ||
| 090 | |a 669220 | ||
| 100 | |a 20230301d2023 k||y0rusy50 ba | ||
| 101 | 0 | |a eng | |
| 102 | |a NL | ||
| 135 | |a drcn ---uucaa | ||
| 181 | 0 | |a i | |
| 182 | 0 | |a b | |
| 200 | 1 | |a Synthesis of Ti21.5V40Cr38.5 alloy by abnormal glow discharge plasma |f A. E. Zhdanov, M. S. Syrtanov, N. Kurdyumov, T. L. Murashkina | |
| 203 | |a Текст |c электронный | ||
| 300 | |a Title screen | ||
| 320 | |a References: 13 tit | ||
| 330 | |a The paper describes the structural-phase state and sorption characteristics of the Ti21.5V40Cr38.5 alloy synthesized by melting in abnormal glow discharge plasma and arc melting. X-ray diffraction patterns showed the presence of the main TiVCr phase with a body-centered cubic (bcc) lattice and Ti2O phase with a hexagonal close packed (hcp) lattice. The maximum hydrogen capacity of the samples obtained by melting in abnormal glow discharge plasma after 3 cycles was 3 wt% | ||
| 371 | 0 | |a AM_Agreement | |
| 461 | 1 | |t Materials Letters | |
| 463 | 1 | |t Vol. 335 |v 133736, 3 p. |d 2023 | |
| 610 | 1 | |a электронный ресурс | |
| 610 | 1 | |a труды учёных ТПУ | |
| 610 | 1 | |a intermetallic compounds | |
| 610 | 1 | |a abnormal glow discharge plasma | |
| 610 | 1 | |a hydrogen capacity | |
| 610 | 1 | |a arc melting | |
| 610 | 1 | |a sorption/desorption | |
| 701 | 1 | |a Zhdanov |b А. Е. |c physicist |c Engineer of Tomsk Polytechnic University |f 1997- |g Andrey Evgenievich |3 (RuTPU)RU\TPU\pers\47519 |9 23033 | |
| 701 | 1 | |a Syrtanov |b M. S. |c physicist |c Associate Professor, Researcher of Tomsk Polytechnic University, Candidate of Technical Sciences |f 1990- |g Maksim Sergeevich |3 (RuTPU)RU\TPU\pers\34764 |9 18114 | |
| 701 | 1 | |a Kurdyumov |b N. |c physicist |c engineer of Tomsk Polytechnic University |f 1997- |g Nikita |3 (RuTPU)RU\TPU\pers\47374 |9 22913 | |
| 701 | 1 | |a Murashkina |b T. L. |c Physicist |c Engineer of Tomsk Polytechnic University, Assistant |f 1990- |g Tatiana Leonidovna |3 (RuTPU)RU\TPU\pers\39441 |9 20984 | |
| 801 | 0 | |a RU |b 63413507 |c 20230301 |g RCR | |
| 856 | 4 | 0 | |u https://doi.org/10.1016/j.matlet.2022.133736 |z https://doi.org/10.1016/j.matlet.2022.133736 |
| 942 | |c CF | ||